STUDENT PROBLEM MANUAL FORUSE WITHESSENTIALS OF CORPORATE FINANCE (Record no. 23961)

MARC details
000 -LEADER
fixed length control field 00442nam a22001697a 4500
003 - CONTROL NUMBER IDENTIFIER
control field OSt
005 - DATE AND TIME OF LATEST TRANSACTION
control field 20211224110330.0
008 - FIXED-LENGTH DATA ELEMENTS--GENERAL INFORMATION
fixed length control field 211224b |||||||| |||| 00| 0 eng d
020 ## - INTERNATIONAL STANDARD BOOK NUMBER
International Standard Book Number 007234055
040 ## - CATALOGING SOURCE
Transcribing agency H U
082 ## - DEWEY DECIMAL CLASSIFICATION NUMBER
Classification number 658.15
100 ## - MAIN ENTRY--PERSONAL NAME
Personal name ROSS,STEPHEN A
9 (RLIN) 24918
245 ## - TITLE STATEMENT
Title STUDENT PROBLEM MANUAL FORUSE WITHESSENTIALS OF CORPORATE FINANCE
260 ## - PUBLICATION, DISTRIBUTION, ETC.
Place of publication, distribution, etc. NEW YORK
Name of publisher, distributor, etc. Mc GRAW HILL
Date of publication, distribution, etc. 2001
300 ## - PHYSICAL DESCRIPTION
Extent 184
942 ## - ADDED ENTRY ELEMENTS (KOHA)
Source of classification or shelving scheme Dewey Decimal Classification
Koha item type Books like text book referance book
Suppress in OPAC No
Holdings
Withdrawn status Lost status Source of classification or shelving scheme Damaged status Not for loan Home library Current library Shelving location Date acquired Total Checkouts Full call number Barcode Date last seen Copy number Price effective from Koha item type
    Dewey Decimal Classification     College of Business and Economics Library College of Business and Economics Library General Stacks 12/24/2021   658.15/ROS MBEIJB 00004727 12/24/2021 1 12/24/2021 Books like text book referance book
    Dewey Decimal Classification     College of Business and Economics Library College of Business and Economics Library General Stacks 12/24/2021   658.15/ROS MBEIJB 00004728 12/24/2021 2 12/24/2021 Books like text book referance book
    Dewey Decimal Classification     College of Business and Economics Library College of Business and Economics Library General Stacks 12/24/2021   658.15/ROS MBEIJB 00004729 12/24/2021 3 12/24/2021 Books like text book referance book
    Dewey Decimal Classification     College of Business and Economics Library College of Business and Economics Library General Stacks 12/24/2021   658.15/ROS MBEIJB 00004730 12/24/2021 4 12/24/2021 Books like text book referance book